02590cam a22003255a 4500999001700000001001000017003000900027005001700036008004100053015001900094016001800113020002200131020002500153040003700178082002000215100003900235245005100274260003700325300002700362500003300389500002000422520155400442650003801996650003802034651001002072653002202082655001702104942000802121952013502129 c27307d27278012881600EG-ScBUE20190326110637.0040506s2004 enk fr 001 0 eng d aGBA4W93982bnb7 a0128816002Uk a1843543265 (pbk.) a9781843543268 (pbk.) aStDuBDSbengcEG-ScBUEdEG-ScBUE04a320.94bORW2221 aOrwell, George,d1903-1950.93449510aOrwell :bthe Observer years /cGeorge Orwell. aLondon :bAtlantic Books,c2004. axiii, 242 p. ;c20 cm. aOriginally published : 2003. aIncludes index. aGeorge Orwell started writing regularly for the Observer in 1942, filing stories from the home front and North Africa. In 1945, he was sent to France and Germany as a war correspondent. This volume collects for the first time all of these articles. Writing from Paris, Cologne and Stuttgart, Orwell reports on the moment of victory in 1945; considers the impact of the occupation on French domestic and foreign policies; and reports with acute insight on the future of a ruined Germany. The articles extend to contemplate the eight years of war in Spain and the new danger presented by Britain's former ally, the Soviet Union. Also, included in this collection are Orwell's book reviews. With typical clarity and precision, he appraises the work of his contemporaries and the key authors of the 1940s, including Julian Huxley, H.G. Wells and T.S. Eliot. He also reviewed F.A. Hayek's The road to serfdom and the new translations of Dostoevsky's Crime and punishment and The brothers Karamazov, as well as the poetry and the work of Joseph Conrad and Sean O'Casey. These reviews and articles are as exhilarating to read today as they were when first written. Orwell's writing shaped the Observer--his essay 'Politics and the English language' was used as the house style and rule book--and continues to influence many journalists. These collected pieces demostrate unequivocally not only why George Orwell is considered to be the greatest political writer of the twentieth century, but why he has also been described as the patron saint of journalism 7aWorld politicsy1933-1945.2BUEsh 7aWorld politicsy1945-1955.2BUEsh 2BUEsh bCOMAMEcMarch2019 vReading book 2ddc 00102ddc40708BaccahaMAINbMAINc1STd2019-03-26ePurchaseg980.00l0o320.94 ORWp000044481r2025-07-15 00:00:00v1225.00yBB